000 00528nam a22001812 4500
001 0000005349
005 20151217155827.0
008 070612s xx 000 0 eng d
040 _aKABU
_cKABU
050 0 _aZ675
_b.T3S68
245 1 0 _aSources of industrial and technological information in Kenya :
_bdirectory.
260 _aNairobi :
_bNIIC,
_c1998.
300 _a68 p.
650 0 _aTechnical libraries
_zKenya.
_@0000156612
908 _a070612
950 _@1
999 _c12963
_d12963